|
|
|
|
| LEADER |
00000cam a22000004a 4500 |
| 001 |
musev2_69974 |
| 003 |
MdBmJHUP |
| 005 |
20230905051224.0 |
| 006 |
m o d |
| 007 |
cr||||||||nn|n |
| 008 |
080407s1999 ncu o 00 0 eng d |
| 020 |
|
|
|a 9780822382782
|
| 020 |
|
|
|z 9780822323211
|
| 020 |
|
|
|z 9780822323013
|
| 035 |
|
|
|a (OCoLC)1143829396
|
| 040 |
|
|
|a MdBmJHUP
|c MdBmJHUP
|
| 100 |
1 |
|
|a Starn, Orin.
|
| 245 |
1 |
0 |
|a Nightwatch :
|b The Politics of Protest in the Andes /
|c Orin Starn.
|
| 264 |
|
1 |
|a Durham, NC :
|b Duke University Press,
|c 1999.
|
| 264 |
|
3 |
|a Baltimore, Md. :
|b Project MUSE,
|c 2020
|
| 264 |
|
4 |
|c ©1999.
|
| 300 |
|
|
|a 1 online resource (344 pages):
|b illustrations
|
| 336 |
|
|
|a text
|b txt
|2 rdacontent
|
| 337 |
|
|
|a computer
|b c
|2 rdamedia
|
| 338 |
|
|
|a online resource
|b cr
|2 rdacarrier
|
| 490 |
0 |
|
|a Latin America otherwise
|
| 505 |
0 |
|
|a Introduction -- 1 Origin Stories -- 2 Nightwatch -- 3 Nightcourt -- 4 Women and the Rondas -- 5 The Rondas in the Age of the NGO -- 6 Leaders and Followers -- Epilogue.
|
| 520 |
|
|
|a An innovative ethnography of peasant communities in Peru caught between the government and the Shining Path.
|
| 546 |
|
|
|a English.
|
| 588 |
|
|
|a Description based on print version record.
|
| 650 |
|
7 |
|a Mouvements sociaux
|z Perou
|z Andes.
|2 ram
|
| 650 |
|
7 |
|a Paysannerie
|x Activite politique
|z Perou
|z Andes.
|2 ram
|
| 650 |
|
7 |
|a Social movements.
|2 fast
|0 (OCoLC)fst01122657
|
| 650 |
|
7 |
|a Peasants
|x Societies, etc.
|2 fast
|0 (OCoLC)fst01734430
|
| 650 |
|
7 |
|a Peasants
|x Political activity.
|2 fast
|0 (OCoLC)fst01734422
|
| 650 |
|
7 |
|a HISTORY
|z Latin America
|z South America.
|2 bisacsh
|
| 650 |
|
7 |
|a POLITICAL SCIENCE
|x Political Process
|x Political Advocacy.
|2 bisacsh
|
| 650 |
|
6 |
|a Mouvements sociaux
|z Perou.
|
| 650 |
|
6 |
|a Paysannerie
|x Activite politique
|z Perou.
|
| 650 |
|
6 |
|a Paysannerie
|z Perou
|x Associations.
|
| 650 |
|
0 |
|a Social movements
|z Peru.
|
| 650 |
|
0 |
|a Peasants
|x Political activity
|z Peru.
|
| 650 |
|
0 |
|a Peasants
|z Peru
|x Societies, etc.
|
| 651 |
|
7 |
|a Peru.
|2 fast
|0 (OCoLC)fst01205190
|
| 655 |
|
7 |
|a Electronic books.
|2 local
|
| 710 |
2 |
|
|a Project Muse.
|e distributor
|
| 830 |
|
0 |
|a Book collections on Project MUSE.
|
| 856 |
4 |
0 |
|z Texto completo
|u https://projectmuse.uam.elogim.com/book/69974/
|
| 945 |
|
|
|a Project MUSE - Custom Collection
|